Name the hockey player by the picture - Statistiques

Statistiques générales
  • Ce quiz a été pris 136 fois
  • Le résultat moyen est 22 sur 41
Statistiques - réponses
Par images Réponse % Correct
Crosby
92%
Mcdavid
91%
Suzuki
89%
Mackinnon
86%
Makar
81%
Makar
81%
Slafkovsky
76%
Texier
76%
Celebrini
74%
Marchand
71%
Aho
68%
Draisaitl
65%
Nylander
64%
Kapanen
62%
Wilson
60%
Marner
59%
Quinn Hughes
55%
Rantanen
55%
Jack Hughes
54%
Zibanejad
54%
Landeskog
52%
Jarvis
51%
Hischier
49%
Reinhart
49%
Dahlin
47%
Pastrnak
47%
Meier
45%
Seider
45%
Binnington
42%
Stutzle
41%
Hellebuyck
39%
Josi
39%
Necas
39%
Toews
39%
Fiala
34%
Horvat
34%
Bellemare
32%
Hertl
29%
Tatar
27%
Nemec
20%
Regenda
11%
Aucun quiz correspondant
Distribution des résultats
% des personnes avec chaque résultat
Percentile par nombre de réponses
Votre historique - résultats
Vous n’avez pas pris ce quiz